Titel in Disney Songs - Statistiken

Allgemein
  • Dieses Quiz wurde 124 mal gespielt
  • Das Durchschnittsergebnis liegt bei 5 aus 15
Antwortstatistiken
Film Lyrics % Korrekt
Das Dschungelbuch {Probier}'{s} {mal} {mit} {Gemütlichkeit} / Mit Ruhe und Gemütlichkeit
93%
Der König der Löwen {Hakuna} {Matata} / Diesen Spruch sag' ich gern / {Hakuna} {Matata} / Gilt stets als modern
81%
Schneewittchen und die sieben Zwerge {Heiho}, {heiho}, wir sind vergnügt und froh
53%
Vaiana Was soll ich sagen? Hey, {voll} {gerne}! / Alles hier ist handgemacht. / Es ist okay, ist okay, {voll} {gerne}! / Bin nur der Durchschnittsgott von nebenan.
53%
Die Schöne und das Biest {Sei} {hier} {Gast}, {sei} {hier} {Gast} / Wir bedienen ohne Hast / Die Serviette um den Hals, Chérie / Dass du hier nichts verpasst
52%
Aladdin {Prinz} {Ali}, mächtig wie nie, Ali Ababwa
45%
Pocahontas Kannst du hören, wie der Wolf heult unterm Silbermond? / Und weißt du auch, warum der Luchs so grinst? / Kannst du singen, wie die Stimmen in den Bergen? / Kannst du malen, wie {das} {Farbenspiel} {des} {Winds}?
30%
Mary Poppins Wenn {ein} {Löffelchen} {voll} {Zucker} bittre Medizin versüßt / Rutscht sie gleich noch mal so gut
29%
Aristocats {Katzen} {brauchen} {furchtbar} {viel} {Musik} / Musik und ein ganz kleines Stück / Vom ganz großen Glück
25%
Arielle, die Meerjungfrau {Unten} {im} {Meer}, {Unten} {im} {Meer} / Bleib' lieber nass, das Wasser macht Spaß, was willst du denn mehr?
24%
101 Dalmatiner {Cruella} {de} {Vil}, {Cruella} {de} {Vil} / Durchbohrt dich ihr Blick / Dann wirst du ganz still
22%
Tarzan Hör die Wörter, die dein Schicksal prägen / {Zwei} {Welten}, eine Familie
17%
Das Dschungelbuch Oh, dubidu / {Ich} {wär} {gern} {wie} {du} / Ich möchte gehen wie du / Stehen wie du
17%
Robin Hood {{Oo}-{de}-{lally}, {Oo}-{de}-{lally}, welch ein schöner Tag!
5%
Pinocchio {Wenn} {ein} {Stern} {in} {finst}'{rer} {Nacht} / Strahlend dir entgegenlacht
1%
Keine übereinstimmenden Quizze gefunden
Verteilung der Resultate
Anzahl Personen mit jedem Resultat
Perzentil nach korrekt beantworteten Fragen
Ihre Resultats-Entwicklung
Sie haben dieses Quiz noch nicht gespielt